Normal view MARC view
  • Supervisor: Muhammad Daud Abdullah Asif

Entry Personal Name

Number of records used in: 2

001 - CONTROL NUMBER

  • control field: 130557

003 - CONTROL NUMBER IDENTIFIER

  • control field: NUST

005 - DATE AND TIME OF LATEST TRANSACTION

  • control field: 20250922125251.0

008 - FIXED-LENGTH DATA ELEMENTS

  • fixed length control field: 250922|| aca||aabn | a|a d

040 ## - CATALOGING SOURCE

  • Original cataloging agency: NUST
  • Transcribing agency: NUST

100 ## - HEADING--PERSONAL NAME

  • Personal name: Supervisor: Muhammad Daud Abdullah Asif

670 ## - SOURCE DATA FOUND

  • Source citation: Work cat.: (NUST): Abbasi, Ushnah 130556, Medical Image Segmentation using deep learning/
© 2023 Central Library, National University of Sciences and Technology. All Rights Reserved.